000
00245 a2200109 4500
245
_a
The promised land
_h
Text
020
_a
0679733477
100
_a
Nicholas Lemann
650
_a
literature
005
20191021095801.0
260
_b
Vintage Books
_c
1992
084
_a
E185.6L36
999
_c
12673
_d
12673